Government Response to the Farming Regulation Task Force (Record no. 113313)

MARC details
000 -LEADER
fixed length control field 01110cad a22001935a 4500
001 - CONTROL NUMBER
control field L155083
008 - FIXED-LENGTH DATA ELEMENTS--GENERAL INFORMATION
fixed length control field 120228s2012 xxk f 000 0 eng d
035 ## - SYSTEM CONTROL NUMBER
System control number (Sirsi) u155083
041 0# - LANGUAGE CODE
Language code of text/sound track or separate title eng
110 2# - MAIN ENTRY--CORPORATE NAME
Corporate name or jurisdiction name as entry element United Kingdom
Subordinate unit Department for Environment, Food and Rural Affairs
245 00 - TITLE STATEMENT
Title Government Response to the Farming Regulation Task Force
Medium [electronic resource]
260 ## - PUBLICATION, DISTRIBUTION, ETC.
Place of publication, distribution, etc. London
Name of publisher, distributor, etc. DEFRA
Date of publication, distribution, etc. 2012
520 ## - SUMMARY, ETC.
Summary, etc. Farming Regulation Task Force set up in July 2010 to find ways of reducing unnecessary red tape in the sector recommends over 200 ways of reducing regulatory burdens on farmers and food processors. In this response the Government accepts 159 of these suggestions and outlines key committments including applying earned recognition across inspection regimes and working on increasing data and information sharing between delivery partners.
590 ## - LOCAL NOTE (RLIN)
Local note KA NTK
651 #4 - SUBJECT ADDED ENTRY--GEOGRAPHIC NAME
Geographic name ENGLAND AND WALES
690 ## - LOCAL SUBJECT ADDED ENTRY--TOPICAL TERM (OCLC, RLIN)
Topical term or geographic name as entry element Rural
9 (RLIN) 6268
856 40 - ELECTRONIC LOCATION AND ACCESS
Uniform Resource Identifier <a href="https://www.defra.gov.uk/publications/files/pb13717-farmregulationtaskforce-response.pdf">https://www.defra.gov.uk/publications/files/pb13717-farmregulationtaskforce-response.pdf</a>
Public note View the item free of charge at www.defra.gov.uk
942 ## - ADDED ENTRY ELEMENTS (KOHA)
Suppress in OPAC 0
Holdings
Withdrawn status Lost status Source of classification or shelving scheme Damaged status Not for loan Home library Current library Shelving location Date acquired Total Checkouts Full call number Barcode Date last seen Copy number Price effective from Koha item type
    Dewey Decimal Classification     Virtual Virtual Online 28/02/2012   ONLINE PUBLICATION 155083-2001 06/08/2019 1 06/08/2019 Book